000
00303nam a22001337a 4500
008
170526b xxu||||| |||| 00| 0 eng d
020
_a
0126974101
041
_a
eng
080
_a
621.3
100
_a
25
101
_a
IM
245
_a
VOLTAGE REGULATOR CIRCUIT MANUAL
_c
TRAISTER, R.J
942
_2
udc
_c
BK
999
_c
14392
_d
14392